| 000 | 00363cam a2200145ua 4500 | ||
|---|---|---|---|
| 041 |
_aeng _h |
||
| 082 |
_a823.308 _bBET/BA |
||
| 100 | _aBethell, Jean . | ||
| 245 |
_aBarbie`s Adventures to Read Aloud / _cJean Bethell. _hTextual Documents |
||
| 260 |
_aNewyork : _bWonder books , _c1964. |
||
| 300 | _a127 ; . | ||
| 504 | _a | ||
| 942 | _cBK | ||
| 999 |
_c986 _d986 |
||